<?xml version="1.0" encoding="UTF-8"?>
<collection xmlns="http://www.loc.gov/MARC21/slim">
    <record>
        <controlfield tag="001">67123</controlfield>
        <controlfield tag="005">20180223094808.0</controlfield>
        <datafield tag="037" ind1=" " ind2=" ">
            <subfield code="a">GDOC-2016-28018</subfield>
        </datafield>
        <datafield tag="041" ind1=" " ind2=" ">
            <subfield code="a">spa</subfield>
        </datafield>
        <datafield tag="100" ind1=" " ind2=" ">
            <subfield code="0">(orcid)0000-0002-9719-5128</subfield>
            <subfield code="1">320939</subfield>
            <subfield code="a">Sanz Julián, María</subfield>
        </datafield>
        <datafield tag="245" ind1="0" ind2="0">
            <subfield code="9">28018</subfield>
            <subfield code="a">Literatura de la segunda lengua (Literatura alemana)</subfield>
        </datafield>
        <datafield tag="260" ind1=" " ind2=" ">
            <subfield code="a">Zaragoza</subfield>
            <subfield code="b">Universidad de Zaragoza</subfield>
            <subfield code="c">2016-2017</subfield>
        </datafield>
        <datafield tag="520" ind1=" " ind2=" ">
            <subfield code="a">Breve presentación de la asignatura
La asignatura ofrece al estudiante de Filología Hispánica una primera aproximación 
de carácter panorámico y, al tiempo, propedéutico a la literatura en lengua alemana, 
sentando las bases para una eventual profundización posterior. Asimismo la lectura 
de un conjunto de textos seleccionados de común acuerdo con los estudiantes 
permite ampliar el horizonte literario de los estudiantes y desarrollar su destreza en 
la aplicación de técnicas y métodos del análisis literario; realizar análisis y 
comentarios literarios en perspectiva histórico-comparativa o evaluar críticamente 
la bibliografía consultada. 
 

Al mismo tiempo, las actividades planificadas y el sistema de evaluación continua 
exigen una planificación adecuada del tiempo y los recursos disponibles por parte 
del estudiante.  
 
</subfield>
            <subfield code="b"> </subfield>
        </datafield>
        <datafield tag="521" ind1=" " ind2=" ">
            <subfield code="9">121</subfield>
            <subfield code="a">Filología Hispánica</subfield>
        </datafield>
        <datafield tag="540" ind1=" " ind2=" ">
            <subfield code="a">by-nc-sa</subfield>
            <subfield code="b">Creative Commons</subfield>
            <subfield code="c">3.0</subfield>
            <subfield code="u">http://creativecommons.org/licenses/by-nc-sa/3.0/</subfield>
        </datafield>
        <datafield tag="830" ind1=" " ind2=" ">
            <subfield code="9">427</subfield>
        </datafield>
        <datafield tag="856" ind1="4" ind2=" ">
            <subfield code="s">17561</subfield>
            <subfield code="u">http://zaguan.unizar.es/record/67123/files/guia-28018-es.pdf</subfield>
            <subfield code="y">Guía (idioma español)</subfield>
        </datafield>
        <datafield tag="856" ind1="4" ind2=" ">
            <subfield code="s">6269</subfield>
            <subfield code="u">http://zaguan.unizar.es/record/67123/files/guia-28018-en.pdf</subfield>
            <subfield code="y">Guide (english)</subfield>
        </datafield>
        <datafield tag="970" ind1=" " ind2=" ">
            <subfield code="a">GDOC-2016-28018</subfield>
        </datafield>
        <datafield tag="980" ind1=" " ind2=" ">
            <subfield code="a">GDOC</subfield>
            <subfield code="b">Artes y humanidades</subfield>
            <subfield code="c">103</subfield>
        </datafield>
    </record>

    
</collection>